000 00371nam a22001697a 4500
005 20260413121711.0
008 160611b xxu||||| |||| 00| 0 eng d
020 _a978-0-552-15169-6
041 _aeng
082 _b7005
100 _aBrown, Dan.
_91731
245 _aDigital Fortress
260 _bCorgi Books
300 _a509
650 _aManagement
942 _cBK
999 _c2440
_d2439